Zákon č. 283/2002 Z.z. zo 16. mája 2002 o cestovných náhradách

I. časť zákona - základné ustanovenia, predmet úpravy, vymedzenie pojmov.

Salvato in:
Dettagli Bibliografici
Natura: Capitolo di libro
Lingua:slovacco
Soggetti:
Tags: Aggiungi Tag
Nessun Tag, puoi essere il primo ad aggiungerne!!

MARC

LEADER 00000naa a2200000 4500
001 r047195
005 20230927070911.1
041 0 |a slo 
044 |a SK 
245 1 0 |a Zákon č. 283/2002 Z.z. zo 16. mája 2002 o cestovných náhradách 
520 |a I. časť zákona - základné ustanovenia, predmet úpravy, vymedzenie pojmov. 
610 2 0 |a náhrada cestovného 
610 2 0 |a zákony 
610 2 0 |a Slovensko 
610 2 0 |a 2002